000 00723nam a2200289Ia 4500
005 20260324122057.0
008 008 260324s9999 xx 000 0 eng d
020 _a9781315575681
037 _aEBOOK
040 _aCRL
040 _beng
040 _cCRL
041 _2eng
041 _aeng
084 _qCRL
100 _aDavid Upton; Peter Trim
_91165020
245 0 _aCyber Security Culture
245 0 _bCounteracting Cyber Threats through Organizational Learning and Training
260 _bTaylor and Francis
260 _c2013
365 _a
365 _b240
856 _uhttp://www.taylorfrancis.com/books/9781315575681
942 _cEBOOK
999 _c1757502
_d1757502